[Event "Bad Homburg"]
[Site "Bad Homburg"]
[Date "1996.??.??"]
[Round "4"]
[White "Slobodjan, Roman"]
[Black "Stangl, Markus"]
[Result "1/2-1/2"]
[WhiteElo "2520"]
[BlackElo "2565"]

1.e4 c5 2.Nf3 d6 3.d4 cxd4 4.Nxd4 Nf6 5.Nc3 a6 6.f3 e6 7.Be3 b5 8.Qd2 Bb7
9.g4 h6 10.O-O-O Nbd7 11.h4 b4 12.Nce2 d5 13.Bh3 dxe4 14.g5 hxg5 15.hxg5 exf3
16.Ng3 Ne4 17.Nxe4 Bxe4 18.g6 Bxg6 19.Nxe6 fxe6 20.Bxe6 Nc5 21.Qe1 Rxh1 22.Rxd8+ Rxd8
23.Qxh1 Nxe6 24.Qh3 Rd6 25.Qxf3 Be7 26.Qa8+ Kf7 27.Qf3+ Kg8 28.Qa8+ Bf8 29.b3 Bf7
30.Bd2 Nc7 31.Qb8 Nd5 32.Kb2 Re6 33.Qh2 Bd6 34.Qg2 Be5+ 35.Kc1 Nc3 36.Qa8+ Be8
37.Qc8 Kf7 38.Qb7+ Re7 39.Qxa6 Bb5 40.Qa8 Bf6 41.a4 Be2 42.Qc8 Bf3 43.a5 Bb7
44.Qg4 Re6 45.Qc4 Bd5 46.Qg4 Re4 47.Qf5 g6 48.Qd7+ Re7 49.Qh3 Be4 50.Qh7+ Ke6
51.Qg8+ Kd7 52.a6 Bd4 53.Qc4 Bd5 54.Qd3 Rh7 55.Bxc3 Rh1+ 56.Kd2 bxc3+ 57.Ke2 Rh2+
58.Ke1 Rh1+ 59.Ke2 Rh2+ 60.Ke1 Rd2 61.Qxg6 Bg2 62.Qf7+ Kd6 63.a7 Bf2+ 64.Qxf2 Rxf2
65.Kxf2 Bb7 66.Ke3 Kc5 67.Kd3 Kb4 68.Kd4  1/2-1/2

[Event "Berliner Sommer"]
[Site "Berlin"]
[Date "1996.??.??"]
[Round "9"]
[White "Nisipeanu, Liviu Dieter"]
[Black "Istratescu, Andrei"]
[Result "1/2-1/2"]
[WhiteElo "2500"]
[BlackElo "2535"]

1.e4 c5 2.Nf3 d6 3.d4 cxd4 4.Nxd4 Nf6 5.Nc3 a6 6.f3 e5 7.Nb3 Be6 8.Be3 Be7
9.Qd2 O-O 10.O-O-O b5  1/2-1/2

[Event "Budapest FS03 GM"]
[Site "Budapest"]
[Date "1996.??.??"]
[Round "8"]
[White "Tolnai, Tibor"]
[Black "Hillarp Persson, Tiger"]
[Result "1-0"]
[WhiteElo "2450"]
[BlackElo "2410"]

1.e4 c5 2.Nf3 d6 3.d4 cxd4 4.Nxd4 Nf6 5.Nc3 a6 6.f3 e5 7.Nb3 Be7 8.Be3 Be6
9.Qd2 O-O 10.O-O-O a5 11.Kb1 a4 12.Nc1 a3 13.b3 Nc6 14.g4 Ra5 15.g5 Ne8 16.Nd5 Bxd5
17.exd5 Nd4 18.Bxd4 exd4 19.f4 Rxd5 20.Bc4 Rc5 21.Qxd4 Nc7 22.Nd3 Rf5 23.Qe4 g6
24.Qxb7 d5 25.Bb5 Nxb5 26.Qxb5 Qc7 27.Rhe1 Bd6 28.Re8 Qc3 29.Rxf8+ Kxf8 30.Qa6 Be7
31.Qa8+ Kg7 32.Qb8 Qc6 33.Qa7 Bf8 34.Qd4+ Kg8 35.Re1 h5 36.h4 Kh7 37.c3 Bg7
38.Ne5 Qa6 39.b4 f6 40.Nd3  1-0

[Event "Cannes Martinez op"]
[Site "Cannes"]
[Date "1996.??.??"]
[Round "4"]
[White "Nedev, Trajce"]
[Black "Azadharf, Farrokh"]
[Result "1-0"]
[WhiteElo "2415"]
[BlackElo "2235"]

1.e4 c5 2.Nf3 d6 3.d4 cxd4 4.Nxd4 Nf6 5.Nc3 a6 6.f3 e6 7.Be3 Qc7 8.Qd2 b5
9.g4 Nfd7 10.O-O-O Nc6 11.Kb1 Nxd4 12.Bxd4 Ne5 13.Qf2 Bd7 14.Bd3 b4 15.Ne2 a5
16.Nc1 Be7 17.h4 a4 18.g5 O-O 19.f4 Nxd3 20.cxd3 e5 21.Bb6 Qb7 22.f5 Rfc8
23.f6 Bf8 24.g6 fxg6 25.f7+ Kh8 26.h5 gxh5 27.Rxh5 Bg4 28.Rxh7+ Kxh7 29.Qh4+ Kg6
30.Qxg4+ Kf6 31.Be3 g6 32.Rf1+ Kg7 33.Qh4 Qxf7 34.Rxf7+ Kxf7 35.Qf2+ Kg7
36.Bg5 Rc7 37.Qf6+ Kg8 38.Qxg6+ Rg7 39.Qe6+ Kh7 40.Qf5+ Kg8 41.Ne2 Rf7 42.Qe6  1-0

[Event "Cappelle op"]
[Site "Cappelle la Grande "]
[Date "1996.??.??"]
[Round "7"]
[White "Blehm, Pawel"]
[Black "Istratescu, Andrei"]
[Result "1-0"]
[WhiteElo "2435"]
[BlackElo "2500"]

1.e4 c5 2.Nf3 d6 3.d4 cxd4 4.Nxd4 Nf6 5.Nc3 a6 6.f3 e5 7.Nb3 Be6 8.Be3 Be7
9.Qd2 O-O 10.O-O-O b5 11.g4 b4 12.Nd5 Bxd5 13.exd5 a5 14.Kb1 a4 15.Nc1 Ra5
16.Bc4 Na6 17.Bxa6 Rxa6 18.Qxb4 Qc7 19.Qd2 Rb8 20.Ne2 e4 21.Ng3 exf3 22.Bd4 Nxg4
23.Nf5 Bf6 24.Rhg1 Rab6 25.Bxf6 Nxf6 26.Rxg7+ Kh8 27.Rdg1 Rxb2+ 28.Ka1 Qc4
29.Rg8+ Nxg8 30.Rxg8+ Rxg8 31.Kxb2 Rb8+ 32.Kc1  1-0

[Event "Politiken Cup"]
[Site "Copenhagen"]
[Date "1996.??.??"]
[Round "7"]
[White "Wolski, Thomas"]
[Black "Pedersen, Steffen"]
[Result "0-1"]
[WhiteElo "2310"]
[BlackElo "2405"]

1.e4 c5 2.Nf3 d6 3.d4 cxd4 4.Nxd4 Nf6 5.Nc3 a6 6.f3 e6 7.Be3 Qc7 8.g4 h6
9.Qd2 b5 10.h4 b4 11.Nce2 d5 12.e5 Nfd7 13.f4 Nb6 14.b3 N8d7 15.O-O-O Nc5
16.Ng3 Bd7 17.Bg2 a5 18.h5 a4 19.Kb1 axb3 20.cxb3 Nca4 21.bxa4 Nxa4 22.Rc1 Nc3+
23.Ka1 Bc5 24.Rc2 O-O 25.Nge2 Nxa2 26.Rxa2 b3 27.Nxb3 Bxe3 28.Qc3 Qb6 29.Bf3 Rxa2+
30.Kxa2 Rc8 31.Qb2 Bb5 32.Nec1 Bc4 33.Be2 Bxc1 34.Rxc1 Ra8+ 35.Kb1 Bxe2 36.Nc5 Qxb2+
37.Kxb2 Bxg4  0-1

[Event "Bundesliga 9697"]
[Site "Germany"]
[Date "1996.??.??"]
[Round "?.2"]
[White "Slobodjan, Roman"]
[Black "King, Daniel J"]
[Result "1/2-1/2"]
[WhiteElo "2520"]
[BlackElo "2535"]

1.e4 c5 2.Nf3 d6 3.d4 cxd4 4.Nxd4 Nf6 5.Nc3 a6 6.f3 e5 7.Nb3 Be6 8.Be3 Nbd7
9.Qd2 b5 10.a4 b4 11.Nd5 Bxd5 12.exd5 Nb6 13.Bxb6 Qxb6 14.a5 Qb7 15.Bc4 Be7
16.Ra4 Rb8 17.Qd3 Ra8 18.Qd2 Rb8 19.Qd3 Ra8 20.Qd2  1/2-1/2

[Event "BL9697 (Women)"]
[Site "Germany"]
[Date "1996.??.??"]
[Round "?"]
[White "Schaefer, Anke"]
[Black "Koglin, Anke"]
[Result "1/2-1/2"]
[WhiteElo "2155"]
[BlackElo "2210"]

1.e4 c5 2.Nf3 d6 3.d4 cxd4 4.Nxd4 Nf6 5.Nc3 a6 6.f3 e5 7.Nb3 Be6 8.Be3 Be7
9.Qd2 O-O 10.O-O-O b5 11.g4 b4 12.Nd5 Bxd5 13.exd5 a5 14.Kb1 Nbd7 15.g5 Nh5
16.Bb5 a4 17.Nc1 Nc5 18.Qxb4 Bxg5 19.Bxc5 dxc5 20.Qxc5 Bxc1 21.Rxc1 Qa5 22.c4 Nf4
23.Rcd1 Qd8 24.Qe3 a3 25.bxa3 Qd6 26.a4 Rfb8 27.Ka1 Qf6 28.Qe4 Qd6 29.Rhe1 f6
30.Rb1 Qa3 31.Rb3 Qc5 32.Reb1 Qf2 33.R3b2 Qc5 34.Bc6 Rxb2 35.Rxb2 Rc8 36.Bb5 Qg1+
37.Qb1 Qd4 38.Qe4 Qg1+ 39.Rb1 Qxh2 40.Bd7 Rd8 41.Bb5 Qd2 42.Rb2 Qc1+ 43.Qb1 Qc3
44.Qc2  1/2-1/2

[Event "Oberliga Nord W9596"]
[Site "Germany"]
[Date "1996.??.??"]
[Round "?"]
[White "Lawrenz, Alexander"]
[Black "Bruemmel, Arend"]
[Result "1-0"]
[WhiteElo "2155"]
[BlackElo "2180"]

1.e4 c5 2.Nf3 d6 3.d4 cxd4 4.Nxd4 Nf6 5.Nc3 a6 6.f3 e6 7.Be3 Nbd7 8.Qd2 b5
9.g4 h6 10.O-O-O Bb7 11.h4 b4 12.Na4 Qa5 13.b3 d5 14.Bh3 dxe4 15.g5 hxg5
16.hxg5 Nd5 17.Bxe6 Rxh1 18.Bxd7+ Kxd7 19.Rxh1 Nxe3 20.Qxe3 Rd8 21.Qf4 exf3
22.Qxf7+ Kc8 23.Ne6 Bd5 24.Qa7 Bxe6 25.Nb6+ Qxb6 26.Qxb6 Bd6 27.Qxa6+ Kc7
28.Qa7+ Kc8 29.Qa8+ Kc7 30.Qxf3 Bd5 31.Qh3 Bxh1 32.Qxh1 Bf4+ 33.Kb1 Bxg5
34.Qg1 Bd2 35.Qxg7+ Rd7 36.Qe5+ Kd8 37.Qf6+ Ke8 38.Qh8+ Ke7 39.Qh4+ Kf8 40.Qf6+ Ke8
41.c4 bxc3 42.a4 Rc7 43.Kc2 Kd7 44.b4 Kc8 45.a5  1-0

[Event "ROM-ch"]
[Site "Herculane"]
[Date "1996.??.??"]
[Round "12"]
[White "Vajda, Levente"]
[Black "Florean, Andrei"]
[Result "0-1"]
[WhiteElo "2370"]
[BlackElo "2375"]

1.e4 c5 2.Nf3 d6 3.d4 cxd4 4.Nxd4 Nf6 5.Nc3 a6 6.f3 e5 7.Nb3 Be6 8.Be3 Nbd7
9.Qd2 b5 10.O-O-O Be7 11.g4 Nb6 12.Na5 Qc7 13.g5 Nfd7 14.Nd5 Bxd5 15.exd5 Rc8
16.Kb1 Nxd5 17.Qxd5 Qxa5 18.c4 O-O 19.cxb5 axb5 20.Qxb5 Qc7 21.Bd3 Rb8 22.Qd5 Nc5
23.Bc2 Rfc8 24.h4 Rb5 25.Bb3 Nxb3 26.Qd3 Rcb8 27.axb3 Rxb3 28.Qe2 Rxb2+ 29.Qxb2 Rxb2+
30.Kxb2 Qb7+ 31.Kc2 Qxf3  0-1

[Event "Hessen-ch"]
[Site "Hofbieber"]
[Date "1996.??.??"]
[Round "11"]
[White "Schmitzer, Klaus"]
[Black "Gustavsson, Cyrill"]
[Result "1-0"]
[WhiteElo "2355"]
[BlackElo "2210"]

1.e4 c5 2.Nf3 d6 3.d4 cxd4 4.Nxd4 Nf6 5.Nc3 a6 6.f3 e5 7.Nb3 Be6 8.Be3 Nbd7
9.Qd2 b5 10.a4 b4 11.Nd5 Bxd5 12.exd5 Nb6 13.Bxb6 Qxb6 14.a5 Qb7 15.Bc4 Be7
16.Ra4 Rb8 17.Nc1 O-O 18.Na2 Nd7 19.b3 e4 20.O-O Ne5 21.Be2 Qa7+ 22.Kh1 e3
23.Qe1 f5 24.f4 Ng4 25.Nxb4 Nf2+ 26.Kg1 Rbe8 27.Nxa6 Bh4 28.g3 Rf6 29.Rxf2 exf2+
30.Qxf2 Qe7 31.Kf1 Rh6 32.Bb5 Bf6 33.Bxe8 Qxe8 34.Nc7 Qh5 35.Qe2 Qh3+ 36.Kg1 Be7
37.a6  1-0

[Event "HUN-chT1 9697"]
[Site "Hungary"]
[Date "1996.??.??"]
[Round "4"]
[White "Fogarasi, Tibor"]
[Black "Szekely, Peter"]
[Result "1/2-1/2"]
[WhiteElo "2500"]
[BlackElo "2435"]

1.e4 c5 2.Nf3 d6 3.d4 cxd4 4.Nxd4 Nf6 5.Nc3 a6 6.f3 e5 7.Nb3 Be6 8.Be3 Be7
9.Qd2 h5 10.O-O-O Nbd7 11.Kb1 Rc8 12.g3 Nb6 13.Bg5 Qc7 14.Bxf6 gxf6 15.Nd5 Nxd5
16.exd5 Bf5 17.Bd3 Bg6 18.Rhe1 f5 19.c4 Kf8 20.Rc1 Qd7 21.Qe2 Bf6 22.Qf2  1/2-1/2

[Event "Lazne Bohdanec-B"]
[Site "Lazne Bohdanec"]
[Date "1996.??.??"]
[Round "2"]
[White "Blehm, Pawel"]
[Black "Jakubiec, Artur"]
[Result "1/2-1/2"]
[WhiteElo "2435"]
[BlackElo "2425"]

1.e4 c5 2.Nf3 d6 3.d4 cxd4 4.Nxd4 Nf6 5.Nc3 a6 6.f3 e6 7.Be3 b5 8.Qd2 Nbd7
9.g4 Nb6 10.O-O-O Bb7 11.g5 Nfd7 12.Qg2 g6 13.h4  1/2-1/2

[Event "Lazne Bohdanec-B"]
[Site "Lazne Bohdanec"]
[Date "1996.??.??"]
[Round "4"]
[White "Blehm, Pawel"]
[Black "Trichkov, Vasil"]
[Result "1/2-1/2"]
[WhiteElo "2435"]
[BlackElo "2415"]

1.e4 c5 2.Nf3 d6 3.d4 Nf6 4.Nc3 cxd4 5.Nxd4 a6 6.f3 e5 7.Nb3 Be6 8.Be3 Nbd7
9.Qd2 Rc8 10.g4 b5 11.O-O-O Qc7 12.g5 Nh5 13.Qf2 Be7 14.Nd5 Bxd5 15.Rxd5 O-O
16.Bh3 g6 17.Bg4 Nf4 18.Bxf4 exf4 19.Bxd7 Qxd7 20.h4 Rc4 21.Rhd1 Rfc8 22.R1d2 Qh3
23.Kb1 Bf8 24.Nc1 Qh1 25.Rd1 Qh3 26.R1d2  1/2-1/2

[Event "Anibal op 3rd"]
[Site "Linares"]
[Date "1996.??.??"]
[Round "?"]
[White "Korneev, Oleg"]
[Black "Baburin, Alexander"]
[Result "1-0"]
[WhiteElo "2590"]
[BlackElo "2505"]

1.e4 c5 2.Nf3 d6 3.d4 cxd4 4.Nxd4 Nf6 5.Nc3 a6 6.f3 e5 7.Nb3 Be6 8.Be3 Nbd7
9.g4 Be7 10.Qd2 Rc8 11.O-O-O b5 12.g5 Nh5 13.Nd5 Bxd5 14.exd5 Nb6 15.Na5 Nxd5
16.Qxd5 Qxa5 17.Bh3 Rc4 18.Bg4 O-O 19.Bxh5 Qxa2 20.Bg4 Qa1+ 21.Kd2 Qxb2 22.Ke2 Rxc2+
23.Rd2 b4 24.Bf5 Rxd2+ 25.Qxd2 Qxd2+ 26.Bxd2 d5 27.Ra1 b3 28.Rxa6 g6 29.Bb1 Bc5
30.Ra5 Bd4 31.Rxd5 Ra8 32.Rb5 b2 33.Be3 Bxe3 34.Kxe3 Kg7 35.Rxb2 h6 36.h4  1-0

[Event "Wch U20 Girls"]
[Site "Medellin"]
[Date "1996.??.??"]
[Round "11"]
[White "Tkeshelashvili, Sofia"]
[Black "Ghate, Swati"]
[Result "1/2-1/2"]
[WhiteElo "2170"]
[BlackElo "2160"]

1.e4 c5 2.Nf3 d6 3.d4 cxd4 4.Nxd4 Nf6 5.Nc3 a6 6.f3 e5 7.Nb3 Be6 8.Nd5 Bxd5
9.exd5 Nbd7 10.Be3 g6 11.Be2 b5 12.a4 Be7 13.axb5 axb5 14.Bxb5 Rxa1 15.Qxa1 Nxd5
16.Bxd7+ Kxd7 17.Qa4+ Ke6 18.Bf2 Qa8 19.Qxa8 Rxa8 20.Kd1 Bg5 21.c3 Be3 22.Be1 Nb6
23.Kc2 Nc4 24.Nd2 d5 25.Nxc4 dxc4 26.Bd2 Bxd2 27.Kxd2 f5 28.Re1 g5 29.Ke3 h5
30.h3 Re8 31.Re2 Rd8 32.Re1 f4+ 33.Ke2 Rb8 34.Rb1 e4 35.fxe4 Ke5 36.Kf3 Rd8
37.Ra1 Rd3+ 38.Ke2 Rg3 39.Kf2 Kxe4 40.Ra8 Kd3 41.Rd8+ Kc2 42.Rc8 Kxb2 43.Rxc4 Rxc3
44.Rb4+ Kc1 45.h4 Rc2+ 46.Kg1 Kd2 47.hxg5 Ke3 48.Rb3+ Ke4 49.g6 Rc6 50.Rb5 Rxg6
51.Rxh5 f3 52.Rh2 Ke3 53.Kf1  1/2-1/2

[Event "Wch U16 Girls"]
[Site "Menorca"]
[Date "1996.??.??"]
[Round "8"]
[White "Calota, Alina"]
[Black "Zozulia, Anna"]
[Result "0-1"]
[WhiteElo "2130"]
[BlackElo "2280"]

1.e4 c5 2.Nf3 d6 3.d4 cxd4 4.Nxd4 Nf6 5.Nc3 a6 6.f3 e5 7.Nb3 Be6 8.g4 Nbd7
9.Be3 b5 10.Qd2 Nb6 11.Qf2 Na4 12.Nxa4 bxa4 13.Nd2 Be7 14.Bb6 Qb8 15.c4 Nd7
16.Ba5 Qxb2 17.Rb1 Qxa2 18.Be2 Bg5 19.Rd1 O-O 20.O-O Qb2 21.Nb1 a3 22.Nc3 Rab8
23.Ra1 Rfc8 24.Rfb1 Qc2 25.Rxb8 Rxb8 26.Bd1 Qb2 27.Qxb2 axb2 28.Rb1 Bxc4
29.Bc2 Be3+ 30.Kg2 Bd4 31.Bc7 Bxc3 32.Bxb8 Nxb8 33.Rd1 Bd4 34.Bb1 a5 35.Rd2 Nd7
36.Rc2 Nb6 37.h4 a4 38.g5 a3 39.h5 a2 40.Bxa2 Bxa2 41.Rc7 b1=Q 42.Rb7  0-1

[Event "CRO-Cup"]
[Site "Pula"]
[Date "1996.??.??"]
[Round "?"]
[White "Lakos, Nikoletta"]
[Black "Roschina, Tatiana"]
[Result "1-0"]
[WhiteElo "2225"]
[BlackElo "2315"]

1.e4 c5 2.Nf3 d6 3.d4 cxd4 4.Nxd4 Nf6 5.Nc3 a6 6.f3 e5 7.Nb3 Be6 8.Be3 Be7
9.Qd2 O-O 10.O-O-O b5 11.Nd5 Nxd5 12.exd5 Bf5 13.g4 Bd7 14.h4 f5 15.g5 f4
16.Bg1 a5 17.Kb1 Qc7 18.Bd3 Qb7 19.Be4 a4  1-0

[Event "SVK-ch Boys U18"]
[Site "Ruzomberok"]
[Date "1996.??.??"]
[Round "4"]
[White "Vavrak, Peter"]
[Black "Maros, Milan"]
[Result "1-0"]
[WhiteElo "2110"]
[BlackElo "2245"]

1.e4 c5 2.Nf3 d6 3.d4 cxd4 4.Nxd4 Nf6 5.Nc3 a6 6.f3 e6 7.Be3 Nc6 8.Qd2 Be7
9.g4 O-O 10.O-O-O Nxd4 11.Bxd4 b5 12.h4 Bb7 13.h5 Nd7 14.Rg1 Ne5 15.Qf2 Qc7
16.g5 f5 17.exf5 exf5 18.f4 Ng4 19.Qe2 Qd7 20.Bg2 Bxg2 21.Qxg2 Rfd8 22.Qd5+ Kh8
23.h6 Bf8 24.Rxg4 fxg4 25.Rh1 Ra7 26.g6  1-0

[Event "SVK-ch Boys U18"]
[Site "Ruzomberok"]
[Date "1996.??.??"]
[Round "7"]
[White "Hagara, Eduard"]
[Black "Maros, Milan"]
[Result "0-1"]
[WhiteElo "2140"]
[BlackElo "2245"]

1.e4 c5 2.Nf3 d6 3.d4 cxd4 4.Nxd4 Nf6 5.Nc3 a6 6.f3 e6 7.Be3 Be7 8.Qd2 Nc6
9.g4 O-O 10.O-O-O Nxd4 11.Bxd4 b5 12.h4 Bb7 13.h5 Nd7 14.Rg1 Qa5 15.g5 b4
16.Nb1 Ne5 17.Bxe5 Qxe5 18.f4 Qc5 19.Bd3 Kh8 20.f5 Qe5 21.f6 gxf6 22.g6 Rg8
23.Qh6 Rg7 24.Nd2 Bf8 25.Qe3 Qxh5 26.gxh7 Rxg1 27.Qxg1 Bh6 28.Qb6 Bc8 29.Qc6 Rb8
30.e5 Bb7 31.Qc7 Rf8 32.Qxb7 fxe5 33.Qxb4 d5 34.Qe7 e4 35.Bxa6 e3 36.Qf6+ Bg7
37.Qf1 Qe5 38.c3 Bh6 39.Qh3 exd2+ 40.Kc2 Qe4+  0-1

[Event "Petrov mem"]
[Site "St Petersburg"]
[Date "1996.??.??"]
[Round "4"]
[White "Novgorodskij, Vladimir"]
[Black "Popov, Valerij"]
[Result "1/2-1/2"]
[WhiteElo "2325"]
[BlackElo "2470"]

1.e4 c5 2.Nf3 d6 3.d4 cxd4 4.Nxd4 Nf6 5.Nc3 a6 6.f3 e5 7.Nb3 Be6 8.Be3 Be7
9.Qd2 h5 10.O-O-O Nbd7 11.Kb1 Rc8 12.g3 Qc7 13.h3 b5 14.Rh2 Nb6 15.Bxb6 Qxb6
16.f4 b4 17.Nd5 Nxd5 18.exd5 Bf5 19.Rc1 a5 20.g4 hxg4 21.hxg4 Rxh2 22.Qxh2 Be4
23.Qe2 Bxd5 24.fxe5 a4 25.Nd2 a3 26.Nb3 dxe5 27.Qxe5 Qf6 28.Re1 Qxe5 29.Rxe5 Be6
30.bxa3 bxa3 31.Be2 Kd7 32.Ra5 Rh8 33.Ra7+ Kd6 34.Rxa3 Rh1+ 35.Nc1 Ke5 36.Rd3 Bg5
37.Rd1 Rh2 38.Nd3+ Ke4 39.Nc5+ Ke3 40.Bb5 Bxg4 41.Rd3+ Kf4 42.Rd4+ Kg3 43.Ne4+ Kh4
44.Nxg5 Kxg5 45.a4 Bf3 46.a5 Rh4 47.Rxh4 Kxh4 48.c4 g5 49.c5 g4 50.c6 g3
51.c7 g2 52.c8=Q g1=Q+  1/2-1/2

[Event "Tapolca (Women)"]
[Site "Tapolca"]
[Date "1996.??.??"]
[Round "5"]
[White "Kiss, Fernanda"]
[Black "Meissner, Claudia"]
[Result "1-0"]
[WhiteElo "2160"]
[BlackElo "2105"]

1.e4 c5 2.Nf3 d6 3.d4 cxd4 4.Nxd4 Nf6 5.Nc3 a6 6.f3 e5 7.Nb3 Be7 8.Be3 Qc7
9.Qd2 Be6 10.g4 Nc6 11.O-O-O Rc8 12.Kb1 O-O 13.h4 d5 14.Nxd5 Nxd5 15.exd5 Bxd5
16.Qf2 Nb4 17.c3 Qc6 18.cxb4 Bxf3 19.b5 Qf6 20.g5 Be4+ 21.Bd3 Qxf2 22.Bxf2 Bxh1
23.Rxh1 Rfd8 24.Be2 axb5 25.Bxb5 Rd5 26.a4 Bb4 27.Be3 Kf8 28.Rf1 Rcd8 29.Be2 Rd3
30.Bxd3 Rxd3 31.Bc5+ Ke8 32.Nc1 Rh3 33.Bxb4 Rxh4 34.Bc3  1-0

[Event "Terrassa op"]
[Site "Terrassa"]
[Date "1996.??.??"]
[Round "5"]
[White "Magem Badals, Jorge"]
[Black "Gual Pascual, Antonio"]
[Result "1/2-1/2"]
[WhiteElo "2570"]
[BlackElo "2430"]

1.e4 c5 2.Nf3 d6 3.d4 Nf6 4.Nc3 cxd4 5.Nxd4 a6 6.f3 Bd7 7.Be3 Nc6 8.g4 h6
9.h4 Rc8 10.Rg1 g6 11.g5 hxg5 12.hxg5 Nh5 13.Qd2 Bg7 14.O-O-O Ne5 15.Kb1 b5
16.Nd5 e6 17.Nf4 Nxf4 18.Bxf4 Qc7 19.Be3 Nc4 20.Bxc4 bxc4 21.Ne2 Rh3 22.Rgf1 c3
23.Nxc3 Bxc3 24.Qxc3 Qxc3 25.bxc3 Rxc3 26.Bd4 Rc6 27.f4 Kd8 28.Rf2 Kc7 29.Rfd2 Rf3
30.Rf2  1/2-1/2

[Event "Hoogovens"]
[Site "Wijk aan Zee"]
[Date "1996.??.??"]
[Round "11"]
[White "Ivanchuk, Vassily"]
[Black "Van Wely, Loek"]
[Result "1/2-1/2"]
[WhiteElo "2735"]
[BlackElo "2570"]

1.e4 c5 2.Nf3 d6 3.d4 cxd4 4.Nxd4 Nf6 5.Nc3 a6 6.f3 e6 7.Be3 b5 8.Qd2 Nbd7
9.g4 h6 10.O-O-O Bb7 11.h4 b4 12.Nb1 d5 13.Bh3 Ne5 14.g5 Nfd7 15.Qe2 Qa5
16.f4 Nc4 17.b3 Nxe3 18.Qxe3 dxe4 19.g6 Nc5 20.gxf7+ Kxf7 21.Rhg1 Rc8 22.Nxe6 Nxe6
23.Rd7+ Be7 24.Bxe6+ Kxe6 25.Qh3+ Kf7 26.Rxb7 Qc5 27.Qg2 Rhg8 28.Re1 e3 29.f5 Rc6
30.Qe4 Rgc8 31.c4 bxc3 32.Rxe3 R8c7 33.Rxc7 Rxc7 34.f6 gxf6 35.Qh7+ Ke8 36.Qg8+ Kd7
37.Qe6+ Ke8 38.Rg3 Kd8 39.Nxc3 Rd7 40.Qxa6 Bd6 41.Rg8+ Ke7 42.Qc4 Bf4+ 43.Kb1 Qxc4
44.bxc4 Ke6 45.Nd5 Be5 46.Rh8 Rb7+ 47.Kc2 Rb2+ 48.Kd3 Rxa2 49.Rxh6 Ra3+ 50.Ke4 Ra4
51.Ne3 Bc7 52.Rh8 f5+ 53.Nxf5 Rxc4+ 54.Kd3 Ra4 55.Ne3 Bf4 56.Nc2 Be5 57.Rh7 Bf6
58.h5 Rh4 59.Ne3 Rd4+ 60.Ke2 Bg5 61.Nf1 Kf5 62.Rg7 Bf4 63.Kf3 Rd3+ 64.Kg2 Ra3  1/2-1/2

[Event "ARM-ch"]
[Site "Yerevan"]
[Date "1996.??.??"]
[Round "4"]
[White "Minasian, Ara"]
[Black "Petrosian, Arshak B"]
[Result "0-1"]
[WhiteElo "2425"]
[BlackElo "2465"]

1.e4 c5 2.Nf3 d6 3.d4 cxd4 4.Nxd4 Nf6 5.Nc3 a6 6.f3 e5 7.Nb3 Be6 8.Be3 Be7
9.Qd2 Nbd7 10.O-O-O b5 11.g4 Nb6 12.Na5 Qc7 13.g5 Nfd7 14.Nd5 Bxd5 15.exd5 Rc8
16.Bxb6 Nxb6 17.h4 Nxd5 18.Bh3 O-O 19.Bxc8 Rxc8 20.Rh2 Nf4 21.Nb3 d5 22.Kb1 d4
23.Re1 Nd5 24.Re4 f5 25.gxf6 Bxf6 26.c3 Ne3 27.Rh1 Nc4 28.Qd3 dxc3 29.Qxc3 Na3+
30.Ka1 Nc2+ 31.Kb1 Na3+ 32.Ka1 Qxc3 33.bxc3 Rxc3 34.Kb2 Rc2+ 35.Kxa3 Be7+
36.Nc5 Bxc5+ 37.Kb3 Rf2 38.Rxe5 Bd4 39.Rf5 Rb2+ 40.Ka3 a5 41.Rd1 b4+ 42.Ka4 Rxa2+
43.Kb3 Ra3+ 44.Kc4 Bf6 45.h5 b3 46.Rb5 b2 47.Re1 Rc3+ 48.Kd5 Rc8 49.Re6 Ra8
50.Rxf6 gxf6 51.Rxb2 a4 52.Ra2 a3 53.Kc4 Kg7 54.Kb3 Kh6 55.f4 f5 56.Kb4 Kxh5
57.Kb3 Kg4  0-1

[Event "ARM-ch"]
[Site "Yerevan"]
[Date "1996.??.??"]
[Round "10"]
[White "Khachian, Melikset"]
[Black "Petrosian, Arshak B"]
[Result "1/2-1/2"]
[WhiteElo "2440"]
[BlackElo "2465"]

1.e4 c5 2.Nf3 d6 3.d4 cxd4 4.Nxd4 Nf6 5.Nc3 a6 6.f3 e5 7.Nb3 Be6 8.Be3 Be7
9.Qd2 O-O 10.O-O-O a5 11.Bb5 Nc6 12.Qf2 Qb8 13.Kb1 Rc8 14.Bb6 Nd7 15.Na4 Bd8
16.Bxd8 Rxd8 17.Qd2 Nf6 18.Nb6 Ra7 19.Qe3 Nd7 20.Nd5 Bxd5 21.exd5 Ne7 22.a4 Nf6
23.c4 b6 24.h4 Nd7 25.h5 Nc5 26.Nd2 Nf5 27.Qg5 Qc8 28.Ne4 Nxe4 29.fxe4 Nd4
30.h6 f6 31.Qe3 Qc5 32.Rdf1 Nxb5 33.Qxc5 Nc3+ 34.bxc3 bxc5 35.Kc2 Rf7 36.g4 gxh6
37.Rxh6 Kg7 38.Rfh1 Rh8 39.R6h5 Rb7 40.g5 Rf7 41.Rg1 fxg5  1/2-1/2

[Event "RUS-Cup4"]
[Site "Perm"]
[Date "1997.02.13"]
[Round "6"]
[White "Fedorov, Alexei"]
[Black "Dvoirys, Semen I"]
[Result "1/2-1/2"]
[WhiteElo "2580"]
[BlackElo "2590"]

1.e4 c5 2.Nf3 d6 3.d4 cxd4 4.Nxd4 Nf6 5.Nc3 a6 6.f3 e5 7.Nb3 Be6 8.Be3 Nbd7
9.Qd2 b5 10.O-O-O Nb6 11.Qf2 Nc4 12.Bxc4 bxc4 13.Nc5 Qc7 14.N5a4 Be7 15.g4 Rb8
16.h4 h5 17.gxh5 Nxh5 18.f4 exf4 19.Bd4 Bd8 20.Rhg1 Qc6 21.b3 f6 22.Qf3 Kf7
23.Nd5 Ba5 24.Nb2 cxb3 25.axb3 Bb4 26.Nd3 Bxd5 27.exd5 Qd7 28.Qe4 Ng3 29.Qe6+ Qxe6
30.dxe6+ Kg8 31.Bxf6 Rh6 32.Bb2 Ne2+ 33.Kb1 Bc3 34.Nxf4 Bxb2 35.Nxe2 Be5
36.Nd4 Bxd4 37.Rxd4 Rxe6 38.Ra4 Rb6 39.Rc4 Rf6 40.Rg5 Kh7 41.Ra5 Rf2 42.Kb2 Kg6
43.Rg5+ Kf6 44.Rc8 Rh2 45.Rg4 d5 46.Rc7 g6 47.Rc8  1/2-1/2

[Event "RUS-Cup7"]
[Site "Kstovo"]
[Date "1997.05.08"]
[Round "7"]
[White "Lastin, Alexander"]
[Black "Akhmadeev, Vadim"]
[Result "1/2-1/2"]
[WhiteElo "2535"]
[BlackElo "2450"]

1.e4 c5 2.Nc3 d6 3.Nge2 Nf6 4.d4 cxd4 5.Nxd4 a6 6.f3 e6 7.Be3 Nc6 8.Qd2 Be7
9.g4 Nd7 10.O-O-O O-O 11.h4 Nxd4 12.Bxd4 b5 13.g5 Ne5 14.Qg2 Qa5 15.Kb1 Nc6
16.Be3 b4 17.Ne2 e5 18.f4 Be6 19.b3 exf4 20.Nxf4 Na7 21.Nxe6 fxe6 22.Qg4 Nb5
23.Qxe6+ Kh8 24.Bxb5 axb5 25.Bd4 Qxa2+ 26.Kc1 Rac8 27.Rh2 Rce8 28.Qd7 Qa8
29.Re2 Rf4 30.Kb1 Qc8 31.Qxb5 Rxh4 32.e5 d5 33.e6 Bxg5 34.Qxd5 Rxd4 35.Qxd4 Qa6
36.Qc4 Qa3 37.c3 Ra8 38.Kc2 Qa2+ 39.Kd3 Rd8+ 40.Ke4 Qa8+ 41.Rd5 bxc3 42.Rf2 h6
43.Qb5 Be7 44.Rc2 Bf6 45.b4 Rd6 46.e7 Re6+ 47.Kd3 Rxe7 48.Re2 Rxe2 49.Kxe2 c2
50.Kd2 Qa2 51.Qe8+ Kh7 52.Qe4+ Kh8  1/2-1/2

[Event "Politiken Cup"]
[Site "Copenhagen"]
[Date "1997.07.06"]
[Round "2"]
[White "Mortensen, Erling"]
[Black "Coleman, David"]
[Result "1-0"]
[WhiteElo "2455"]
[BlackElo "2230"]

1.e4 c5 2.Nf3 d6 3.d4 cxd4 4.Nxd4 Nf6 5.Nc3 a6 6.f3 e6 7.Be3 b5 8.Qd2 Bb7
9.O-O-O Nbd7 10.g4 Nb6 11.g5 Nfd7 12.Bd3 Rc8 13.h4 Nc5 14.h5 b4 15.Nce2 d5
16.exd5 Nxd5 17.g6 Qa5 18.gxf7+ Kxf7 19.Bc4 Na4 20.Bb3 Nac3 21.Nxe6 Be7 22.Rhg1 Bf6
23.Ng5+ Kf8 24.Bd4 Re8 25.Ne4 Bxd4 26.Nxd4 Nxa2+ 27.Kb1 Rxe4 28.Bxa2 Re7
29.Bb3 Qb6 30.Qg5  1-0

[Event "Wch U20"]
[Site "Zagan"]
[Date "1997.07.23"]
[Round "9"]
[White "Gershon, Alik"]
[Black "Rowson, Jonathan"]
[Result "1/2-1/2"]
[WhiteElo "2420"]
[BlackElo "2490"]

1.e4 c5 2.Nf3 d6 3.d4 Nf6 4.Nc3 cxd4 5.Nxd4 a6 6.f3 e6 7.Be3 Be7 8.Qd2 O-O
9.g4 Nc6 10.g5 Nd7 11.h4 Nxd4 12.Bxd4 b5 13.O-O-O Bb7 14.Bh3 b4 15.Ne2 Ne5
16.Bxe5 dxe5 17.Qd7 Bc8 18.Qc6 Qa5 19.Qxa8 Qb6 20.Kb1 Bb7 21.Qxf8+ Kxf8 22.Nc1 Bc5
23.Bf1 a5 24.Bc4 Ke7 25.Rd3 Bc6 26.Ne2 Bf2 27.Rh2 Bc5 28.Rg2 Qc7 29.Ng3 Bb6
30.b3 Qb8 31.Nf1 Bd4 32.Ng3 Qa8 33.Rgd2 Qa7 34.Nh5 Bc3 35.Rg2 g6 36.Nf6 Qb8
37.Rg1 h6 38.Rgd1 hxg5 39.hxg5 Qa8 40.Rd7+ Bxd7 41.Rxd7+ Kf8 42.Bxe6 fxe6  1/2-1/2

[Event "Wch U20 Girls"]
[Site "Zagan"]
[Date "1997.07.24"]
[Round "10"]
[White "Moncayo, Evelyn"]
[Black "Nguyen Thi Tuong Van"]
[Result "1/2-1/2"]
[WhiteElo "2085"]
[BlackElo "2160"]

1.e4 c5 2.Nf3 d6 3.d4 cxd4 4.Nxd4 Nf6 5.Nc3 a6 6.f3 e6 7.Be3 b5 8.Qd2 Qc7
9.g4 h6 10.h4 b4 11.Nce2 d5 12.e5 Nfd7 13.f4 Nb6 14.b3 N8d7 15.Bh3 Nc5 16.Ng3 Be7
17.Bg2 Bd7 18.Rc1 Rc8 19.Nh5 Rg8 20.Ng3 g6 21.g5 h5 22.Bf3 Kf8 23.O-O Qb8
24.Qe2 Rh8 25.Bd2 Nb7  1/2-1/2

[Event "Wch U20"]
[Site "Zagan"]
[Date "1997.07.24"]
[Round "10"]
[White "Socko, Bartosz"]
[Black "Van den Doel, Erik"]
[Result "0-1"]
[WhiteElo "2435"]
[BlackElo "2440"]

1.e4 c5 2.Nf3 d6 3.d4 cxd4 4.Nxd4 Nf6 5.Nc3 a6 6.f3 Nbd7 7.Be3 d5 8.Nxd5 Nxd5
9.exd5 Qa5+ 10.Qd2 Qxd5 11.c4 Qd6 12.Bd3 g6 13.O-O-O Bg7 14.Nb3 O-O 15.Bf4 Ne5
16.Kb1 Qxd3+ 17.Qxd3 Nxd3 18.Rxd3 Bf5 19.Nc5 Rfd8 20.Rd1 Bxd3+ 21.Rxd3 e5
22.Be3 Rxd3 23.Nxd3 Rc8 24.c5 f5 25.b4 Kf7 26.Kc2 Ke6 27.a4 b5 28.Kb3 Rd8
29.Nf2 Bf6 30.a5 h6 31.Kc2 Bg5  0-1